[Event "LSS No Engine Cup 223 Preliminary 0"]
[Site "LSS email"]
[Date "2021.11.19"]
[Round "?"]
[White "Vio, Mauro"]
[Black "Sirenko, Sergei"]
[Result "1-0"]
[WhiteElo "1987"]
[BlackElo "1290"]
[PlyCount "33"]
[EventDate "2021.11.19"]
[EventType "tourn (corr)"]
[EventRounds "6"]
[EventCountry "GER"]
[SourceTitle "Corr 2024"]
[Source "ChessBase"]
[SourceDate "2023.10.19"]
[SourceVersion "1"]
[SourceVersionDate "2023.10.19"]
[SourceQuality "1"]

1. c4 Nf6 2. Nf3 e6 3. b3 d5 4. Bb2 Nc6 5. e3 Be7 6. d4 0-0 7. a3 a5 8. Bd3 Re8 9. Nbd2 Nd7 10. Qc2 h6 11. g4 Bf6 12. h4 e5 13. cxd5 Ne7 14. g5 Nxd5 15. gxf6 N7xf6 16. dxe5 Ng4 17. Rg1 1-0

[Event "LSS No Engine Cup 187 Preliminary 0"]
[Site "LSS email"]
[Date "2019.02.11"]
[Round "?"]
[White "Koepcke, Klaus Peter"]
[Black "Sirenko, Sergei"]
[Result "1-0"]
[WhiteElo "1702"]
[BlackElo "1390"]
[PlyCount "77"]
[EventDate "2019.02.12"]
[EventType "tourn (corr)"]
[EventRounds "6"]
[EventCountry "GER"]
[SourceTitle "Corr 2022"]
[Source "ChessBase"]
[SourceDate "2021.10.24"]
[SourceVersion "1"]
[SourceVersionDate "2021.10.24"]
[SourceQuality "1"]

1. d4 Nf6 2. c4 e5 3. dxe5 Ng4 4. Bf4 Nc6 5. Nf3 Bb4+ 6. Nbd2 Qe7 7. e3 Ngxe5 8. Nxe5 Nxe5 9. a3 Bxd2+ 10. Qxd2 d6 11. Be2 0-0 12. 0-0 Be6 13. c5 Rfd8 14. cxd6 Qxd6 15. Qxd6 cxd6 16. Rfd1 f6 17. Rac1 Nf7 18. Rc7 Rab8 19. Bf3 Bb3 20. Rd3 Rbc8 21. Rdc3 Rxc7 22. Rxc7 a5 23. Bxb7 d5 24. h4 d4 25. exd4 Rxd4 26. Be3 Rd6 27. Kh2 a4 28. Bc5 Rd8 29. Bb6 Rb8 30. Ba7 Rd8 31. Bb6 Rb8 32. Bc5 Ne5 33. Bd4 Rd8 34. Bc3 h5 35. f3 Nc4 36. Bc6 Ne3 37. Ra7 Nf5 38. Bxa4 Bxa4 39. Rxa4 1-0

[Event "LSS No Engine Cup 187 Preliminary 0"]
[Site "LSS email"]
[Date "2019.02.11"]
[Round "?"]
[White "Sirenko, Sergei"]
[Black "Vio, Mauro"]
[Result "0-1"]
[WhiteElo "1390"]
[BlackElo "1897"]
[PlyCount "61"]
[EventDate "2019.02.12"]
[EventType "tourn (corr)"]
[EventRounds "6"]
[EventCountry "GER"]
[SourceTitle "Corr 2022"]
[Source "ChessBase"]
[SourceDate "2021.10.24"]
[SourceVersion "1"]
[SourceVersionDate "2021.10.24"]
[SourceQuality "1"]

1. e4 c5 2. c3 d5 3. exd5 Qxd5 4. d4 Nc6 5. Nf3 Bf5 6. Be2 0-0-0 7. Be3 e5 8. dxe5 Nxe5 9. Qxd5 Rxd5 10. c4 Nxf3+ 11. Bxf3 Rd7 12. Nc3 Nf6 13. 0-0 Bd3 14. Be2 Bxe2 15. Nxe2 Bd6 16. Rad1 Rhd8 17. Kh1 Ng4 18. Bf4 Bxf4 19. Rxd7 Rxd7 20. Nxf4 Rd2 21. f3 Ne3 22. Re1 Nxc4 23. b3 Nd6 24. Ra1 Kd7 25. h4 Nf5 26. Kh2 Nxh4 27. Kh3 g5 28. Nh5 h6 29. Nf6+ Ke6 30. Ne4 Rxg2 31. Nxc5+ 0-1

[Event "CP-2017-P-00023"]
[Site "LSS email"]
[Date "2017.09.27"]
[Round "?"]
[White "Avellan, Gerardo"]
[Black "Sirenko, Sergei"]
[Result "1-0"]
[WhiteElo "1922"]
[BlackElo "1276"]
[PlyCount "49"]
[EventDate "2017.10.01"]
[EventType "tourn (corr)"]
[EventRounds "6"]
[EventCountry "GER"]
[SourceTitle "Corr 2022"]
[Source "ChessBase"]
[SourceDate "2021.10.24"]
[SourceVersion "1"]
[SourceVersionDate "2021.10.24"]
[SourceQuality "1"]

1. e4 Nc6 2. d4 d5 3. e5 Bf5 4. Nf3 e6 5. c3 Be7 6. Be2 Nh6 7. 0-0 Qd7 8. Re1 0-0-0 9. b4 f6 10. a4 fxe5 11. b5 Na5 12. Nxe5 Qe8 13. Bxh6 gxh6 14. Bh5 Bg6 15. Nxg6 hxg6 16. Bg4 Rd6 17. Bxe6+ Kb8 18. Nd2 Qf8 19. Nb3 Nc4 20. Nc5 Ka8 21. a5 Rd8 22. Nd7 Qf4 23. a6 b6 24. Bxd5+ c6 25. Bxc6# 1-0

[Event "CP-2017-P-00023"]
[Site "LSS email"]
[Date "2017.09.27"]
[Round "?"]
[White "De Gouveia, Pedro"]
[Black "Sirenko, Sergei"]
[Result "1-0"]
[WhiteElo "1872"]
[BlackElo "1276"]
[PlyCount "33"]
[EventDate "2017.10.01"]
[EventType "tourn (corr)"]
[EventRounds "6"]
[EventCountry "GER"]
[SourceTitle "Corr 2022"]
[Source "ChessBase"]
[SourceDate "2021.10.24"]
[SourceVersion "1"]
[SourceVersionDate "2021.10.24"]
[SourceQuality "1"]

1. e4 Nc6 2. Nf3 d5 3. exd5 Qxd5 4. Nc3 Qd8 5. Bc4 Bf5 6. d4 e6 7. d5 Nb4 8. Nd4 exd5 9. Nxd5 Nxd5 10. Nxf5 Nge7 11. Bg5 Qd7 12. Ne3 Nxe3 13. Bxf7+ Kd8 14. fxe3 h6 15. Qh5 Kc8 16. Be6 Qxe6 17. Qe8# 1-0

[Event "CP-2017-P-00023"]
[Site "LSS email"]
[Date "2017.09.27"]
[Round "?"]
[White "Sirenko, Sergei"]
[Black "Etchepareborda, Juan"]
[Result "0-1"]
[WhiteElo "1276"]
[BlackElo "1272"]
[PlyCount "100"]
[EventDate "2017.10.01"]
[EventType "tourn (corr)"]
[EventRounds "6"]
[EventCountry "GER"]
[SourceTitle "Corr 2022"]
[Source "ChessBase"]
[SourceDate "2021.10.24"]
[SourceVersion "1"]
[SourceVersionDate "2021.10.24"]
[SourceQuality "1"]

1. Nc3 e5 2. e4 Nf6 3. f4 exf4 4. d4 Bb4 5. e5 Nd5 6. Bc4 Nxc3 7. Qd2 Qh4+ 8. g3 fxg3 9. Kf1 g2+ 10. Qxg2 Nd1 11. Nf3 Qe4 12. Bd3 Ne3+ 13. Bxe3 Qxe3 14. a3 Be7 15. Re1 Qf4 16. Ke2 Qh6 17. Kd1 Nc6 18. d5 Nd8 19. d6 Bh4 20. Nxh4 Qxh4 21. Qxg7 Rf8 22. Re4 Qh5+ 23. Rg4 Ne6 24. Qxf8+ Nxf8 25. Rhg1 cxd6 26. exd6 f5 27. Bxf5 Qxf5 28. Re1+ Ne6 29. Rg8+ Kf7 30. Rgg1 Qf3+ 31. Kc1 Qf4+ 32. Kb1 Qxd6 33. Ref1+ Ke7 34. Re1 Qxh2 35. Rh1 Qf2 36. Rxh7+ Kd8 37. Rd1 Nd4 38. Rhh1 Qxc2+ 39. Ka2 Qb3+ 40. Kb1 Ne2 41. Rh8+ Kc7 42. Rdh1 b6 43. Ka1 Bb7 44. R8h3 Qc2 45. Re1 Bd5 46. Re3 Qc4 47. Kb1 Qa2+ 48. Kc2 Nd4+ 49. Kc3 Qc4+ 50. Kd2 Qc2# 0-1

[Event "LSS No Engine Cup 168 Preliminary 0"]
[Site "LSS email"]
[Date "2017.04.03"]
[Round "?"]
[White "Koepcke, Klaus Peter"]
[Black "Sirenko, Sergei"]
[Result "1-0"]
[WhiteElo "1694"]
[BlackElo "1433"]
[PlyCount "115"]
[EventDate "2017.04.04"]
[EventType "tourn (corr)"]
[EventRounds "6"]
[EventCountry "GER"]
[SourceTitle "Corr 2022"]
[Source "ChessBase"]
[SourceDate "2021.10.24"]
[SourceVersion "1"]
[SourceVersionDate "2021.10.24"]
[SourceQuality "1"]

1. d4 Nf6 2. c4 e5 3. dxe5 Ng4 4. Nf3 Nc6 5. Bf4 Bb4+ 6. Nbd2 Qe7 7. e3 Ngxe5 8. Nxe5 Nxe5 9. a3 Bxd2+ 10. Qxd2 d6 11. Be2 0-0 12. 0-0 Be6 13. Rac1 Rfd8 14. Rfd1 Bg4 15. Bxg4 Nxg4 16. b4 Nf6 17. Qb2 Nh5 18. Bg3 Nxg3 19. hxg3 c5 20. b5 b6 21. Rd5 Rd7 22. Rcd1 Rad8 23. a4 Qe4 24. Qc3 f6 25. f3 Qg6 26. Kf2 Qf7 27. a5 Qe7 28. e4 Kf7 29. a6 g6 30. Qd2 Kg7 31. Qf4 g5 32. Qf5 Qf7 33. Rh1 h6 34. Ke3 Re7 35. Rhd1 Re5 36. Qh3 Rxd5 37. Rxd5 Qe7 38. Qf5 Re8 39. f4 Qe6 40. Qxe6 Rxe6 41. f5 Re7 42. Rxd6 h5 43. Rd8 Kh7 44. Rb8 Kg7 45. Rb7 Kf7 46. Kf3 Ke8 47. Rb8+ Kf7 48. Rb7 Kf8 49. e5 Rxe5 50. Rxa7 Rxf5+ 51. Ke3 Re5+ 52. Kd3 Re1 53. Rb7 f5 54. a7 Ra1 55. Rb8+ Ke7 56. a8Q Rxa8 57. Rxa8 f4 58. gxf4 1-0

[Event "LSS No Engine Cup 168 Preliminary 0"]
[Site "LSS email"]
[Date "2017.04.03"]
[Round "?"]
[White "Sirenko, Sergei"]
[Black "Kuttner, Jaromir"]
[Result "0-1"]
[WhiteElo "1433"]
[BlackElo "1196"]
[PlyCount "118"]
[EventDate "2017.04.04"]
[EventType "tourn (corr)"]
[EventRounds "6"]
[EventCountry "GER"]
[SourceTitle "Corr 2022"]
[Source "ChessBase"]
[SourceDate "2021.10.24"]
[SourceVersion "1"]
[SourceVersionDate "2021.10.24"]
[SourceQuality "1"]

1. e4 e5 2. f4 exf4 3. Nf3 d6 4. Bc4 h6 5. d4 g5 6. Nc3 Nc6 7. 0-0 Bg7 8. Bb5 a6 9. Bxc6+ bxc6 10. h3 Ne7 11. Ne2 0-0 12. c3 Re8 13. Qc2 Ng6 14. Bd2 d5 15. e5 c5 16. Rac1 c4 17. b3 Bd7 18. bxc4 dxc4 19. Rb1 c5 20. Rb2 Qa5 21. Rfb1 Bc6 22. Be1 Rad8 23. Nd2 cxd4 24. Nxc4 Qd5 25. Nxd4 Qxc4 26. Nxc6 Qxc6 27. Rb6 Qc5+ 28. Bf2 Qxe5 29. Bd4 Rxd4 30. cxd4 Qxd4+ 31. Kh1 Re1+ 32. Rxe1 Qxb6 33. Rb1 Qe3 34. Qc8+ Kh7 35. Qxa6 f3 36. Qf1 f2 37. a4 Be5 38. g3 Qxg3 39. Qg2 Nh4 40. Qxg3 Bxg3 41. a5 Bf4 42. Rf1 Be3 43. Kh2 f5 44. a6 g4 45. Kg3 f4+ 46. Kxg4 Ng2 47. Kf3 Ne1+ 48. Ke2 Nc2 49. Rxf2 Nd4+ 50. Kd3 Nc6 51. Rb2 Kg6 52. Kc4 f3 53. Rb3 Na5+ 54. Kd3 f2 55. Rb1 Bc5 56. Ke2 Bd4 57. Rf1 Nc6 58. Rc1 Na7 59. Rc3 Bxc3 0-1

[Event "LSS No Engine Cup 150 Preliminary 0"]
[Site "LSS email"]
[Date "2016.03.14"]
[Round "?"]
[White "Sirenko, Sergei"]
[Black "Van Bommel, Ton"]
[Result "0-1"]
[WhiteElo "1494"]
[BlackElo "2316"]
[PlyCount "58"]
[EventDate "2016.03.15"]
[EventType "tourn (corr)"]
[EventRounds "6"]
[EventCountry "GER"]
[SourceTitle "Corr 2022"]
[Source "ChessBase"]
[SourceDate "2021.10.24"]
[SourceVersion "1"]
[SourceVersionDate "2021.10.24"]
[SourceQuality "1"]

1. e4 e5 2. f4 exf4 3. Nf3 d6 4. Bc4 h6 5. d4 g5 6. h3 Bg7 7. 0-0 Ne7 8. Nc3 0-0 9. Ne2 d5 10. exd5 Nxd5 11. c3 c6 12. Qd3 Re8 13. Re1 Nd7 14. Bxd5 cxd5 15. b3 Nf6 16. Bb2 Ne4 17. Nd2 Bf5 18. Nxe4 Rxe4 19. a4 Qb6 20. Qd1 Rae8 21. b4 Qe6 22. Kf2 Bxh3 23. Ng1 Bxg2 24. Rxe4 Bxe4 25. Qh5 g4 26. Ne2 Bf3 27. Re1 Qe3+ 28. Kf1 Bxe2+ 29. Rxe2 Qxe2+ 0-1

[Event "LSS No Engine Cup 145 Preliminary 0"]
[Site "LSS email"]
[Date "2015.12.27"]
[Round "?"]
[White "Sirenko, Sergei"]
[Black "Neumann, Otto"]
[Result "1-0"]
[WhiteElo "1488"]
[BlackElo "1133"]
[PlyCount "41"]
[EventDate "2015.12.28"]
[EventType "tourn (corr)"]
[EventRounds "6"]
[EventCountry "GER"]
[SourceTitle "Corr 2022"]
[Source "ChessBase"]
[SourceDate "2021.10.24"]
[SourceVersion "1"]
[SourceVersionDate "2021.10.24"]
[SourceQuality "1"]

1. e4 c6 2. Nf3 d5 3. exd5 cxd5 4. d4 Nf6 5. Bd3 Nc6 6. 0-0 Bg4 7. c3 e6 8. Nbd2 Bd6 9. Qb3 Rb8 10. h3 Bh5 11. Re1 0-0 12. Qc2 b5 13. a4 b4 14. Ne5 Qc7 15. Nxc6 Qxc6 16. Bb5 Qb6 17. Be2 bxc3 18. bxc3 Bc7 19. Ba3 Rfc8 20. Rab1 Qd6 21. Bxd6 1-0

[Event "SN-2015-0-00677"]
[Site "LSS email"]
[Date "2015.05.01"]
[Round "?"]
[White "Sirenko, Sergei"]
[Black "Lenz, Juergen"]
[Result "0-1"]
[WhiteElo "1287"]
[BlackElo "998"]
[PlyCount "76"]
[EventDate "2015.04.11"]
[EventType "tourn (corr)"]
[EventRounds "6"]
[EventCountry "GER"]
[SourceTitle "Corr 2022"]
[Source "ChessBase"]
[SourceDate "2021.10.24"]
[SourceVersion "1"]
[SourceVersionDate "2021.10.24"]
[SourceQuality "1"]

1. e4 Nf6 2. e5 Nd5 3. c4 Nb6 4. d4 d6 5. exd6 exd6 6. Nf3 Be7 7. Nc3 0-0 8. Bd3 Nc6 9. 0-0 Bg4 10. Be3 Bf6 11. h3 Bxf3 12. Qxf3 Bxd4 13. Qh5 g6 14. Qh6 Bg7 15. Qf4 Ne5 16. Bc2 Nbxc4 17. Bc1 Nb6 18. Ne4 h6 19. Rb1 f5 20. Nc3 c6 21. Rd1 d5 22. Ne2 g5 23. Qb4 f4 24. Nd4 f3 25. Ne6 Qf6 26. Nxf8 Rxf8 27. g3 Qe6 28. Kh2 Qd7 29. Be3 Nec4 30. Bxb6 Nxb6 31. Bb3 Re8 32. Qd2 Re2 33. Qd3 Rxf2+ 34. Kg1 Rg2+ 35. Kf1 Qxh3 36. Ke1 Qh1+ 37. Qf1 Rg1 38. Kf2 Rxf1+ 0-1

[Event "SN-2015-0-00677"]
[Site "LSS email"]
[Date "2015.05.01"]
[Round "?"]
[White "Sirenko, Sergei"]
[Black "Ualpaev, Sergej"]
[Result "1-0"]
[WhiteElo "1287"]
[BlackElo "831"]
[PlyCount "85"]
[EventDate "2015.04.11"]
[EventType "tourn (corr)"]
[EventRounds "6"]
[EventCountry "GER"]
[SourceTitle "Corr 2022"]
[Source "ChessBase"]
[SourceDate "2021.10.24"]
[SourceVersion "1"]
[SourceVersionDate "2021.10.24"]
[SourceQuality "1"]

1. e4 e6 2. d4 c5 3. Nf3 cxd4 4. Nxd4 Bc5 5. Nb3 Bxf2+ 6. Kxf2 Nf6 7. Nc3 0-0 8. Be2 d5 9. e5 Qb6+ 10. Qd4 Ne4+ 11. Nxe4 Qxd4+ 12. Nxd4 Nd7 13. Nd6 Nxe5 14. Nxc8 Raxc8 15. Bf4 Ng6 16. Bg3 e5 17. Nf3 e4 18. Nd4 Rfe8 19. Ke3 Ne5 20. Bxe5 Rxe5 21. Rac1 Rg5 22. g4 a5 23. Nf5 Rc7 24. h3 g6 25. h4 Rxf5 26. gxf5 Rc6 27. fxg6 Rxg6 28. Rcg1 Kf8 29. Rxg6 hxg6 30. Kd4 f5 31. Kxd5 Ke7 32. Ke5 b6 33. Rd1 e3 34. Rd6 b5 35. Bxb5 f4 36. Be2 a4 37. Rxg6 Kf7 38. h5 a3 39. b4 f3 40. Bxf3 e2 41. Bxe2 Kf8 42. Ke6 Ke8 43. Rg8# 1-0

[Event "SN-2015-0-00677"]
[Site "LSS email"]
[Date "2015.05.01"]
[Round "?"]
[White "Stehling, Eva"]
[Black "Sirenko, Sergei"]
[Result "0-1"]
[WhiteElo "873"]
[BlackElo "1287"]
[PlyCount "96"]
[EventDate "2015.04.11"]
[EventType "tourn (corr)"]
[EventRounds "6"]
[EventCountry "GER"]
[SourceTitle "Corr 2022"]
[Source "ChessBase"]
[SourceDate "2021.10.24"]
[SourceVersion "1"]
[SourceVersionDate "2021.10.24"]
[SourceQuality "1"]

1. d4 Nf6 2. c4 e5 3. dxe5 Ng4 4. Nf3 Nc6 5. e3 Ngxe5 6. Be2 Bb4+ 7. Bd2 Bxd2+ 8. Qxd2 d6 9. 0-0 Nxf3+ 10. Bxf3 Ne5 11. Be2 0-0 12. Nc3 Be6 13. b3 Re8 14. Rac1 Qe7 15. Rfd1 Rad8 16. Nb5 a6 17. Nd4 Bc8 18. Qa5 c5 19. Nf3 Nc6 20. Qc3 Bf5 21. a3 h6 22. Rd2 Be4 23. Rcd1 Kf8 24. b4 b6 25. Ne1 Qg5 26. f3 Bf5 27. Rxd6 Rxd6 28. Rxd6 Rxe3 29. Qd2 Nd4 30. bxc5 bxc5 31. Bf1 Rxe1 32. Rxd4 cxd4 33. Qxe1 Qe3+ 34. Qf2 Ke7 35. Qxe3+ dxe3 36. Be2 Kd6 37. f4 a5 38. h3 Kc5 39. g4 Be6 40. Kg2 Bxc4 41. Kf3 Bxe2+ 42. Kxe2 Kd4 43. g5 hxg5 44. fxg5 a4 45. h4 g6 46. Ke1 Ke4 47. Ke2 Kf4 48. Ke1 Kg4 0-1

[Event "LSS No Engine Cup 113 Preliminary 6"]
[Site "LSS email"]
[Date "2014.07.06"]
[Round "?"]
[White "Kharchuk, Yurij"]
[Black "Sirenko, Sergei"]
[Result "1-0"]
[WhiteElo "1484"]
[BlackElo "989"]
[PlyCount "55"]
[EventDate "2014.07.07"]
[EventType "tourn (corr)"]
[EventRounds "6"]
[EventCountry "GER"]
[SourceTitle "Corr 2015"]
[Source "ChessBase"]
[SourceDate "2015.07.17"]
[SourceVersion "1"]
[SourceVersionDate "2015.07.17"]
[SourceQuality "1"]

1. e4 d6 2. d4 Nf6 3. Nc3 g6 4. f4 Bg7 5. Nf3 c6 6. Bd3 e6 7. 0-0 0-0 8. e5 Nd5 9. Nxd5 cxd5 10. c3 Nc6 11. Qe1 b6 12. Ng5 h6 13. Nf3 dxe5 14. fxe5 Bb7 15. Qg3 Ne7 16. Qh3 Kh7 17. Bxh6 Bxh6 18. Ng5+ Kg7 19. Rxf7+ Rxf7 20. Nxe6+ Kh7 21. Ng5+ Kg8 22. Nxf7 Kxf7 23. Qxh6 Qh8 24. Bxg6+ Nxg6 25. Rf1+ Kg8 26. Qxg6+ Qg7 27. Qe6+ Kh8 28. Rf3 1-0

[Event "SF-2014-0-00227"]
[Site "LSS email"]
[Date "2014.03.16"]
[Round "?"]
[White "Sirenko, Sergei"]
[Black "Grimm, Wolfgang"]
[Result "0-1"]
[WhiteElo "1003"]
[BlackElo "1288"]
[PlyCount "58"]
[EventDate "2014.02.12"]
[EventType "tourn (corr)"]
[EventRounds "6"]
[EventCountry "GER"]
[SourceTitle "Corr 2015"]
[Source "ChessBase"]
[SourceDate "2015.07.17"]
[SourceVersion "1"]
[SourceVersionDate "2015.07.17"]
[SourceQuality "1"]

1. e4 Nc6 2. Nf3 e6 3. d4 Nf6 4. Bd3 Nb4 5. c3 Nxd3+ 6. Qxd3 d5 7. e5 Ne4 8. 0-0 Be7 9. Nbd2 Nxd2 10. Bxd2 0-0 11. h4 Bxh4 12. Nxh4 Qxh4 13. Rae1 f6 14. Re3 Bd7 15. Rh3 Qe4 16. Qxe4 dxe4 17. f4 Bb5 18. Rc1 Bd3 19. c4 Rad8 20. exf6 Rxd4 21. fxg7 Kxg7 22. Bc3 c5 23. Bxd4+ cxd4 24. g3 e3 25. c5 Bf5 26. g4 Bxg4 27. Rg3 Rxf4 28. Rf1 Re4 29. b4 d3 0-1